000 00645nam a2200217Ia 4500
003 GCL
008 140319s9999 xx 000 0 ara d
040 _aGCL /
_cGCL
082 0 4 _a659.15
_bط ف
100 1 _aطاهر مرسى عطية
245 1 0 _aفن الاعلان وتخطيط الحملات الاعلانية /
_cطاهر مرسى عطية
260 _a[S.N] :
_bالمكتبة الاكاديمية ،
_c1993
300 _a230 ص
490 _a
650 0 4 _aالتسويق
650 0 4 _aالاعلان
650 0 4 _aالعلاقات العامة
650 0 4 _aالاعلام
650 0 4 _aالدعاية
942 _2ddc
_cBK
999 _c52693
_d52693